000 00621nam a2200217 i 4500
001 146975
003 ES-MaACL
005 20250815115528.0
007 t|
008 070920s1971 sp a |||| | spa d
080 _a74(02)
100 1 _aTubau, Iván.
_9111615
245 1 0 _aCómo utilizar los instrumentos de dibujo /
_cIván Tubau, José Luis Velasco.
250 _a1ª ed.
260 _aBarcelona :
_bCeac,
_c1971.
300 _a79 p. :
_bil. ;
_c31 cm.
650 0 7 _aDibujo
_2embne
_911860
700 1 _aVelasco, José Luis
_9113728
852 _aES-MaACL
_jC-42177
999 _c146975
_d146975